000 00679nam a2200193Ia 4500
005 20251020182524.0
008 200515s9999 xx 000 0 und d
082 _a691.328/G71
100 _aGANZALES CUEVAS, Oscar ROBLES, Francisco DÍAZ COSSIO, Roger
245 0 _aAspectos fundamentales del concreto
260 _aMéxico, D.F.
260 _c1974
500 _a1 ejemplar
520 _aComportamiento de miembros estructurales de concreto reforzado sometidos a distintos tipos de solicitaciones o acciones y establecer procedimientos de diseño que se basan en dicho comportamiento
650 _aCONCRETO REFORZADO
650 _aLIB
650 _aLOSAS
942 _cLIB
999 _c1859
_d1859